[Event "ICS rated blitz match"]
[Site "204.178.125.65"]
[Date "1999.07.30"]
[Round "?"]
[White "cxc38"]
[Black "Hossa"]
[Result "0-1"]
[WhiteElo "2069"]
[BlackElo "2491"]
[PlyCount "20"]
[EventDate "1999.??.??"]

1. e4 e5 2. Nf3 Nf6 3. Nc3 Bb4 4. Nxe5 Qe7 5. Nd3 Bxc3 6. dxc3 Nxe4 7. Qe2 O-O
8. g3 Re8 9. Bg2 Nxg3 10. Qxe7 10... Rxe7+ {cxc38 resigns} 0-1

[Event "ICS rated blitz match"]
[Site "204.178.125.65"]
[Date "1999.07.30"]
[Round "?"]
[White "Hossa"]
[Black "cxc38"]
[Result "1-0"]
[WhiteElo "2494"]
[BlackElo "2066"]
[PlyCount "89"]
[EventDate "1999.??.??"]

1. d4 Nf6 2. c4 e6 3. Nc3 c5 4. d5 exd5 5. cxd5 d6 6. e4 g6 7. Bb5+ Nfd7 8. Bf4
a6 9. Be2 Qc7 10. Qd3 Bg7 11. Qd2 O-O 12. Bh6 b5 13. Bxg7 Kxg7 14. O-O-O c4 15.
Nf3 Nc5 16. Qd4+ f6 17. Nd2 Qe7 18. f3 Qe5 19. Qe3 Nbd7 20. f4 Qe7 21. g4 Re8
22. Bf3 Bb7 23. a3 Rac8 24. Kb1 Nd3 25. Be2 N7c5 26. b4 Nd7 27. Bxd3 cxd3 28.
Qxd3 Nb6 29. Rc1 Nc4 30. Ka2 Nxd2 31. Qxd2 Rc4 32. h4 Rec8 33. h5 g5 34. h6+
Kg8 35. Kb2 gxf4 36. Qxf4 Qe5 37. Qf3 R8c7 38. Rh5 Qd4 39. Rf5 a5 40. Rxf6 Rc8
41. Qf5 R4c7 42. Qg5+ Kh8 43. Rxd6 axb4 44. Rd8+ Rxd8 45. Qxd8# {
cxc38 checkmated} 1-0

[Event "ICS rated blitz match"]
[Site "204.178.125.65"]
[Date "1999.07.30"]
[Round "?"]
[White "MissSilicon"]
[Black "Hossa"]
[Result "1-0"]
[WhiteElo "2695"]
[BlackElo "2497"]
[PlyCount "65"]
[EventDate "1999.??.??"]

1. e4 e5 2. Nf3 Nf6 3. d4 exd4 4. e5 Ne4 5. Qxd4 f5 6. exf6 Nxf6 7. Qe5+ Be7 8.
Nc3 Nc6 9. Qg3 O-O 10. Bg5 Bb4 11. Bc4+ Kh8 12. O-O-O Bxc3 13. bxc3 Qe7 14. Nd2
Qa3+ 15. Kb1 d6 16. Rde1 Bf5 17. f4 Rac8 18. Bxf6 Rxf6 19. Ne4 Rff8 20. Ng5 Nd8
21. Nxh7 Bxh7 22. Qh3 b5 23. Bd3 g6 24. Bxg6 Rf7 25. Re8+ Kg7 26. Qxh7+ Kf6 27.
Qh8+ Kxg6 28. Rg8+ Kf5 29. Rg5+ Kxf4 30. Qh4+ Ke3 31. Qh3+ Rf3 32. Qxf3+ Kd2
33. Rd1# {Hossa checkmated} 1-0

[Event "ICS rated blitz match"]
[Site "204.178.125.65"]
[Date "1999.07.30"]
[Round "?"]
[White "Hossa"]
[Black "cxc38"]
[Result "1-0"]
[WhiteElo "2489"]
[BlackElo "2061"]
[PlyCount "65"]
[EventDate "1999.??.??"]

1. d4 Nf6 2. c4 d6 3. Nc3 g6 4. e4 Bg7 5. f3 O-O 6. Nge2 e5 7. Be3 c6 8. Kf2
exd4 9. Bxd4 d5 10. cxd5 cxd5 11. Nxd5 Nxd5 12. Bxg7 Kxg7 13. exd5 Na6 14. Qd2
Bf5 15. Qd4+ Qf6 16. g4 Bd7 17. Qxf6+ Kxf6 18. Rc1 Rfd8 19. Nf4 Rac8 20. Bxa6
bxa6 21. Rhe1 Bb5 22. h4 h6 23. Kg2 Bc4 24. b3 Bb5 25. a4 Bd7 26. Rxc8 Rxc8 27.
Nd3 Rc3 28. Ne5 Be8 29. g5+ hxg5 30. Ng4+ Kg7 31. Rxe8 Rxb3 32. hxg5 Rd3 33.
Nf6 {cxc38 resigns} 1-0

[Event "ICS rated blitz match"]
[Site "204.178.125.65"]
[Date "1999.07.30"]
[Round "?"]
[White "wimpy"]
[Black "Hossa"]
[Result "0-1"]
[WhiteElo "2015"]
[BlackElo "2492"]
[PlyCount "82"]
[EventDate "1999.??.??"]

1. e4 e5 2. f4 exf4 3. Nf3 Bb4 4. Bc4 Qe7 5. Qe2 f5 6. e5 Ba5 7. O-O Bb6+ 8.
Kh1 g5 9. Nc3 g4 10. Ne1 f3 11. gxf3 gxf3 12. Nxf3 Qg7 13. d4 Ne7 14. Bg5 Rf8
15. Bf6 Qh6 16. d5 c6 17. Bxe7 Kxe7 18. d6+ Kd8 19. Rad1 Ba5 20. Nd4 f4 21. Qg4
Bxc3 22. bxc3 b5 23. Bd3 Bb7 24. Be4 Re8 25. e6 dxe6 26. Nxb5 Nd7 27. Nc7 e5
28. Nxe8 Kxe8 29. Qg8+ Qf8 30. Qe6+ Kd8 31. Rg1 Nc5 32. Qc4 Nxe4 33. Rg8 Nf2+
34. Kg2 Nxd1 35. Rxf8+ Kd7 36. Rf7+ Kxd6 37. Qd3+ Kc5 38. Qxd1 Rg8+ 39. Kf3 Bc8
40. h3 Rg3+ 41. Ke4 41... Re3# {wimpy checkmated} 0-1

[Event "ICS Rated blitz match"]
[Site "204.178.125.65"]
[Date "1999.07.30"]
[Round "?"]
[White "kjhamster"]
[Black "Hossa"]
[Result "0-1"]
[WhiteElo "2103"]
[BlackElo "2494"]
[PlyCount "106"]
[EventDate "1999.??.??"]

1. d4 e6 2. c4 Bb4+ 3. Bd2 c5 4. e3 Bxd2+ 5. Qxd2 cxd4 6. exd4 Nc6 7. Nc3 Nge7
8. Nf3 d5 9. c5 b6 10. Bb5 bxc5 11. dxc5 O-O 12. O-O d4 13. Ne4 e5 14. b4 Bg4
15. Ne1 Qd5 16. Nd6 Qe6 17. f3 Bh5 18. Nd3 Rad8 19. Rfe1 Bg6 20. a3 Qf6 21. Re2
Bxd3 22. Qxd3 Nb8 23. Rae1 Ng6 24. Qf5 Rxd6 25. Bd3 Rd5 26. Qxf6 gxf6 27. g3
Rdd8 28. h4 Kh8 29. Kg2 Rg8 30. g4 Nf4+ 31. Kg3 Nxd3 32. Rd1 Nf4 33. Rb2 Nd5
34. b5 Nc3 35. Ra1 Rd5 36. a4 Rxc5 37. Re1 Nd7 38. Kf2 Nxa4 39. Ra2 Ndb6 40.
Rb1 Nc3 41. Rab2 Nc4 42. Rb4 Nxb1 43. Rxb1 Na3 44. Ra1 Nxb5 45. Ra5 Kg7 46. h5
f5 47. g5 Kf8 48. f4 exf4 49. Kf3 Rxg5 50. Kxf4 Rxh5 51. Ra6 Rh3 52. Kg5 Nc3
53. Kf6 53... Ne4# {kjhamster checkmated} 0-1

[Event "ICS rated blitz match"]
[Site "204.178.125.65"]
[Date "1999.07.30"]
[Round "?"]
[White "Hossa"]
[Black "j724"]
[Result "1-0"]
[WhiteElo "2497"]
[BlackElo "2154"]
[PlyCount "105"]
[EventDate "1999.??.??"]

1. d4 Nf6 2. c4 c5 3. d5 d6 4. Nc3 g6 5. e4 Bg7 6. Bd3 O-O 7. Nge2 e6 8. Bg5
exd5 9. Nxd5 Qa5+ 10. b4 Qd8 11. a3 Be6 12. Nxf6+ Bxf6 13. Bxf6 Qxf6 14. O-O
Nc6 15. Rb1 b6 16. Qd2 Rfe8 17. Rbd1 Rad8 18. f3 Nd4 19. Qh6 Bc8 20. Nf4 Bb7
21. Nh5 Qe5 22. Ng3 Qg7 23. Qxg7+ Kxg7 24. Rd2 Ba6 25. b5 Bc8 26. a4 Be6 27.
Rdf2 Rf8 28. a5 Ra8 29. Rd1 Nb3 30. a6 Nd4 31. Rff1 f5 32. exf5 gxf5 33. Rfe1
Rf7 34. Ne2 Nb3 35. Nf4 Bd7 36. Re3 Re8 37. Rxe8 Bxe8 38. Re1 Bd7 39. Kf2 Kf6
40. Nd5+ Kg7 41. Nxb6 axb6 42. a7 Bc6 43. bxc6 Rxa7 44. Re6 Nd4 45. Rxd6 Rc7
46. Rd7+ Rxd7 47. cxd7 Nc6 48. Bxf5 Kf6 49. Bxh7 Ke6 50. g4 Kxd7 51. g5 Ne5 52.
f4 Nxc4 53. g6 {j724 resigns} 1-0

[Event "ICS rated blitz match"]
[Site "204.178.125.65"]
[Date "1999.07.30"]
[Round "?"]
[White "zebundamole"]
[Black "Hossa"]
[Result "0-1"]
[WhiteElo "2496"]
[BlackElo "2507"]
[PlyCount "96"]
[EventDate "1999.??.??"]

1. g3 Nf6 2. Bg2 e5 3. b3 Bc5 4. Bb2 d5 5. e3 e4 6. d3 O-O 7. Ne2 exd3 8. cxd3
Bb4+ 9. Kf1 Bf5 10. a3 Be7 11. Bxf6 Bxf6 12. d4 Qd7 13. Nbc3 Bh3 14. Bxh3 Qxh3+
15. Kg1 c6 16. Nf4 Qh6 17. Kg2 Bg5 18. Nd3 Nd7 19. h4 Be7 20. b4 Nf6 21. Qf3
Rae8 22. g4 Bd6 23. g5 Qg6 24. Nf4 Bxf4 25. Qxf4 Re7 26. Kh2 Nh5 27. Qg4 f5 28.
Qf3 f4 29. Nxd5 cxd5 30. Qxd5+ Qe6 31. Qxe6+ Rxe6 32. Rhe1 fxe3 33. fxe3 Re4
34. Rac1 Rxh4+ 35. Kg2 Rg4+ 36. Kh3 Rxg5 37. Kh4 Rb5 38. Rf1 Nf6 39. Rc7 Rh5+
40. Kg3 Ne4+ 41. Kg2 Rg5+ 42. Kh2 Rxf1 43. Rc8+ Kf7 44. Rc7+ Kf6 45. Rc2 Nf2
46. Rxf2+ Rxf2+ 47. Kh3 Rf3+ 48. Kh4 48... Rf1 {zebundamole resigns} 0-1

[Event "ICS rated blitz match"]
[Site "204.178.125.65"]
[Date "1999.07.30"]
[Round "?"]
[White "Hossa"]
[Black "CM5500"]
[Result "0-1"]
[WhiteElo "2522"]
[BlackElo "2344"]
[PlyCount "71"]
[EventDate "1999.??.??"]

1. d4 d5 2. c4 c6 3. Nc3 Nf6 4. cxd5 cxd5 5. f3 Bf5 6. Bg5 Nc6 7. e4 dxe4 8. d5
Ne5 9. fxe4 Bd7 10. Qd4 h6 11. Qxe5 hxg5 12. Qxg5 Qb6 13. Qd2 Rh4 14. Qe2 Qa5
15. O-O-O Rc8 16. Kb1 Rxc3 17. Qe1 Ba4 18. Rd4 Rxe4 19. Rxe4 Nxe4 20. bxc3 Qb6+
21. Ka1 Nf2 22. Qe5 f6 23. Qf4 Bc2 24. Qc1 Be4 25. Nh3 Nxh1 26. Be2 Nf2 27. Nf4
e5 28. dxe6 Ba3 29. Nd5 Bxc1 30. Bh5+ g6 31. Nxb6 axb6 32. Bf3 Bxf3 33. gxf3
Ke7 34. h4 Nh3 35. Kb1 Bh6 36. Kc2 {Hossa resigns} 0-1

[Event "ICS rated blitz match"]
[Site "204.178.125.65"]
[Date "1999.07.30"]
[Round "?"]
[White "Hossa"]
[Black "wimpy"]
[Result "1-0"]
[WhiteElo "2505"]
[BlackElo "2013"]
[PlyCount "93"]
[EventDate "1999.??.??"]

1. d4 Nf6 2. c4 e5 3. d5 Bc5 4. e3 O-O 5. Bd3 e4 6. Bc2 d6 7. Ne2 Bg4 8. Nbc3
Qe7 9. O-O Nbd7 10. a3 a5 11. Qd2 Rfe8 12. Ng3 Qe5 13. Ngxe4 Nxe4 14. Nxe4 Bf5
15. f4 Qe7 16. Nxc5 Bxc2 17. Nxb7 Be4 18. Nxa5 Qh4 19. Nc6 Nf6 20. b4 Ng4 21.
h3 Nh6 22. Nd4 Nf5 23. Nxf5 Bxf5 24. Qf2 Qh6 25. Bb2 Re4 26. Bd4 Qg6 27. Qh4
Rae8 28. Rf3 f6 29. Rg3 Qf7 30. Qxf6 Qxf6 31. Bxf6 Rxe3 32. Rxg7+ Kf8 33. Rxc7
R8e4 34. g4 Bg6 35. f5 Bf7 36. Kg2 Re2+ 37. Kg3 R4e3+ 38. Kh4 Rh2 39. Kg5 Rexh3
40. Be7+ Kg7 41. f6+ Kh8 42. Rc8+ Bg8 43. f7 Rh5+ 44. gxh5 Rg2+ 45. Kh6 Rg6+
46. hxg6 hxg6 47. Bf6# {wimpy checkmated} 1-0

[Event "ICS rated blitz match"]
[Site "204.178.125.65"]
[Date "1999.07.30"]
[Round "?"]
[White "wimpy"]
[Black "Hossa"]
[Result "1-0"]
[WhiteElo "2011"]
[BlackElo "2507"]
[PlyCount "143"]
[EventDate "1999.??.??"]

1. e4 e5 2. f4 exf4 3. Nf3 Bb4 4. Bc4 Qe7 5. Qe2 f5 6. e5 Ba5 7. O-O Bb6+ 8.
Kh1 g5 9. Nc3 g4 10. Ne1 f3 11. gxf3 gxf3 12. Nxf3 Qg7 13. Nd5 Ne7 14. Nxb6
axb6 15. d4 Kd8 16. Bg5 Rf8 17. Rg1 b5 18. Bf6 Qh6 19. Bg7 Qh3 20. Bxf8 bxc4
21. Bxe7+ Kxe7 22. Rg7+ Kf8 23. Ng5 Qh6 24. Rf7+ Ke8 25. Rg1 Qc6+ 26. Rg2 Rxa2
27. h4 c3 28. b3 Ra1+ 29. Kh2 Qh6 30. Rxh7 Qg6 31. Rh8+ Ke7 32. Ne4 Qf7 33.
Rhg8 fxe4 34. R8g7 Nc6 35. Rxf7+ Kxf7 36. Qh5+ Ke6 37. d5+ Kxd5 38. e6+ Kd6 39.
exd7 Bxd7 40. Rg6+ Be6 41. Qg4 Nd4 42. Qxe4 Rd1 43. Qf4+ Kc6 44. Qe4+ Kd6 45.
Rxe6+ Nxe6 46. Qb4+ c5 47. Qxc3 b5 48. Qg3+ Ke7 49. h5 Rd2+ 50. Kh3 Rxc2 51. h6
Rc1 52. Qh4+ Kd7 53. Kg2 Rc2+ 54. Kf1 Ra2 55. h7 Ra8 56. h8=Q Rxh8 57. Qxh8 Nc7
58. Qg7+ Kc6 59. Qf6+ Kd7 60. Qf5+ Kd6 61. Ke2 Ne6 62. Qf7 c4 63. bxc4 Nc7 64.
cxb5 Ne6 65. b6 Nd4+ 66. Kd3 Nc6 67. b7 Ne5+ 68. Kc3 Nc4 69. b8=Q+ Kc6 70.
Qxc4+ Kd7 71. Qd5+ Ke7 72. Qbd8# {Hossa checkmated} 1-0

[Event "ICS Rated blitz match"]
[Site "204.178.125.65"]
[Date "1999.07.30"]
[Round "?"]
[White "Hossa"]
[Black "wimpy"]
[Result "0-1"]
[WhiteElo "2477"]
[BlackElo "2041"]
[PlyCount "38"]
[EventDate "1999.??.??"]

1. d4 Nf6 2. c4 e5 3. d5 Bc5 4. e3 O-O 5. Bd3 e4 6. Bc2 d6 7. Ne2 Bf5 8. Nbc3
Nbd7 9. Ng3 Bg6 10. Ngxe4 Nxe4 11. Nxe4 Bxe4 12. Bxe4 f5 13. Bd3 Ne5 14. O-O
Qh4 15. a3 a5 16. Qc2 Rf6 17. b3 Rg6 18. Kh1 Nf3 19. Qb1 19... Qxh2# {
Hossa checkmated} 0-1

[Event "ICS rated blitz match"]
[Site "204.178.125.65"]
[Date "1999.07.30"]
[Round "?"]
[White "occam"]
[Black "Hossa"]
[Result "1-0"]
[WhiteElo "2419"]
[BlackElo "2450"]
[PlyCount "125"]
[EventDate "1999.??.??"]

1. e4 e5 2. Nf3 Nf6 3. Nxe5 Nxe4 4. Qe2 d5 5. d3 Qe7 6. dxe4 Qxe5 7. exd5 Bd6
8. Qxe5+ Bxe5 9. Be2 Bf5 10. c4 O-O 11. O-O Nd7 12. Re1 Nc5 13. Nc3 Rfe8 14.
Bd2 Nd3 15. Bxd3 Bxd3 16. b3 Bf5 17. Re3 Bd4 18. Rxe8+ Rxe8 19. Rd1 Bc2 20. Rc1
Bd3 21. Nb5 Bb6 22. Re1 Rxe1+ 23. Bxe1 a6 24. Nc3 Ba5 25. c5 Bb4 26. c6 b5 27.
f3 f6 28. Kf2 Bc5+ 29. Kg3 Bd6+ 30. Kh3 Bb4 31. Kg4 Bg6 32. Kf4 Bd6+ 33. Ke3
Bxh2 34. a4 b4 35. Ne4 a5 36. d6 Bxd6 37. Nxd6 cxd6 38. Bg3 d5 39. Kd4 Kf7 40.
Kxd5 Ke7 41. Kc5 Kd8 42. Kb6 Bf7 43. Kb7 Bd5 44. Bc7+ Ke7 45. Bxa5 Ke6 46. Bxb4
h5 47. a5 g5 48. a6 g4 49. fxg4 hxg4 50. a7 Bxg2 51. a8=Q f5 52. Qg8+ Ke5 53.
Qg7+ Kf4 54. Qh6+ Kg3 55. Be1+ Kf3 56. Qd2 g3 57. Qd3+ Kg4 58. Qxg3+ Kh5 59.
Qxg2 Kh6 60. Bd2+ Kh7 61. Qg5 Kh8 62. Bc3+ Kh7 63. Qg7# {Hossa checkmated} 1-0

[Event "ICS rated blitz match"]
[Site "204.178.125.65"]
[Date "1999.07.30"]
[Round "?"]
[White "Hossa"]
[Black "occam"]
[Result "1-0"]
[WhiteElo "2433"]
[BlackElo "2436"]
[PlyCount "149"]
[EventDate "1999.??.??"]

1. d4 Nf6 2. c4 e6 3. Nc3 Bb4 4. Bg5 Bxc3+ 5. bxc3 h6 6. Bxf6 Qxf6 7. e4 d6 8.
Bd3 c5 9. Qf3 Nd7 10. Qxf6 Nxf6 11. Ne2 O-O 12. O-O Re8 13. f4 e5 14. fxe5 dxe5
15. d5 Kf8 16. Rab1 b6 17. Ng3 h5 18. Rbd1 a6 19. Rb1 Rb8 20. a3 Rd8 21. Rb2
Ke7 22. Rfb1 h4 23. Nf1 Rd6 24. Nd2 Nd7 25. Nf3 Rh6 26. Bc2 Ra8 27. Ba4 b5 28.
cxb5 axb5 29. Bxb5 Nf6 30. Rb3 Kd6 31. Bc6 Ra7 32. Nd2 Kc7 33. c4 Rg6 34. Kh1
Rg4 35. Re3 Ra6 36. h3 Rf4 37. Bb5 Rb6 38. a4 Rb8 39. Kg1 Kd6 40. a5 Ra8 41.
Ra1 Ba6 42. Bxa6 Rxa6 43. Re2 Nh5 44. Rf2 Ng3 45. Rxf4 exf4 46. e5+ Kxe5 47.
Nf3+ Ke4 48. Ra3 Nf5 49. Kf2 Ne3 50. Ra4 Kd3 51. Ne5+ Kd4 52. Nxf7 Nd1+ 53. Kf3
Nb2 54. Ra1 Nd3 55. Rd1 Ra7 56. Ne5 Kxe5 57. Rxd3 Ra6 58. d6 Rxd6 59. Rxd6 Kxd6
60. Kg4 Kc6 61. Kxf4 Kb7 62. Ke5 Kc6 63. Ke6 g6 64. Kf6 Kb7 65. Ke5 Kc6 66. Ke6
Kb7 67. Kd6 Ka6 68. Kxc5 g5 69. Kd6 Kb7 70. c5 Kb8 71. c6 Kc8 72. a6 Kb8 73.
c7+ Ka7 74. c8=Q g4 75. Qb7# {occam checkmated} 1-0

[Event "ICS rated blitz match"]
[Site "204.178.125.65"]
[Date "1999.07.30"]
[Round "?"]
[White "Hossa"]
[Black "Nothing"]
[Result "0-1"]
[WhiteElo "2453"]
[BlackElo "2031"]
[PlyCount "67"]
[EventDate "1999.??.??"]

1. d4 Nf6 2. c4 e6 3. Nc3 b6 4. e4 Bb7 5. Bg5 Be7 6. e5 Ne4 7. Nxe4 Bxe4 8. Qg4
Bf5 9. Bxe7 Qxe7 10. Qf3 Nc6 11. O-O-O O-O 12. Qf4 b5 13. cxb5 Nb4 14. a3 Nd5
15. Qg3 c6 16. bxc6 Rfc8 17. Kd2 Rxc6 18. Ke1 a5 19. Bb5 Rb6 20. a4 Qb4+ 21.
Rd2 Rc8 22. Kd1 Rxb5 23. axb5 Qa4+ 24. Ke2 Qxb5+ 25. Ke1 Rc1+ 26. Rd1 Qb4+ 27.
Qc3 Rxd1+ 28. Kxd1 Nxc3+ 29. bxc3 Qb1+ 30. Ke2 Qe4+ 31. Kf1 a4 32. g4 Qxh1 33.
gxf5 a3 34. fxe6 {Hossa resigns} 0-1

[Event "ICS rated blitz match"]
[Site "204.178.125.65"]
[Date "1999.07.30"]
[Round "?"]
[White "Angel"]
[Black "Hossa"]
[Result "0-1"]
[WhiteElo "2247"]
[BlackElo "2424"]
[PlyCount "54"]
[EventDate "1999.??.??"]

1. d4 d6 2. c4 b6 3. e4 Nf6 4. Nc3 c5 5. d5 e6 6. f3 Be7 7. Be3 O-O 8. Qd2 Nbd7
9. Nge2 Ne5 10. Nc1 exd5 11. cxd5 Nfd7 12. b3 f5 13. Bb5 Bh4+ 14. Kd1 fxe4 15.
Nxe4 Nf6 16. Nxf6+ Qxf6 17. Rb1 Nxf3 18. Qb2 Nd4 19. Bxd4 cxd4 20. Be2 Qe5 21.
Bf3 Bf5 22. Ra1 Rac8 23. Qe2 Bc2+ 24. Qxc2 Rxc2 25. Kxc2 d3+ 26. Kb1 Qc3 27.
Bd1 27... Rf2 {Angel resigns} 0-1

[Event "ICS rated blitz match"]
[Site "204.178.125.65"]
[Date "1999.07.30"]
[Round "?"]
[White "Hossa"]
[Black "Angel"]
[Result "1-0"]
[WhiteElo "2432"]
[BlackElo "2239"]
[PlyCount "65"]
[EventDate "1999.??.??"]

1. d4 d5 2. c4 c6 3. Nc3 Nf6 4. cxd5 cxd5 5. f3 Nc6 6. e4 e6 7. e5 Nd7 8. f4
Nb6 9. Nf3 Bd7 10. Bd3 g6 11. O-O h5 12. f5 gxf5 13. Be3 Nc4 14. Bxc4 dxc4 15.
d5 Nb4 16. d6 Bh6 17. Bxh6 Rxh6 18. Qd2 Rg6 19. b3 Qb6+ 20. Kh1 Rc8 21. bxc4
Rxc4 22. a3 Na6 23. Ne2 Nc5 24. Rab1 Qc6 25. Nf4 Ne4 26. Qe3 Rg4 27. Nxh5 f6
28. Qh6 Kd8 29. Qf8+ Be8 30. Nxf6 Nxf6 31. exf6 Qd7 32. Ne5 Qh7 33. f7 {
Angel resigns} 1-0

[Event "ICS rated blitz match"]
[Site "204.178.125.65"]
[Date "1999.07.30"]
[Round "?"]
[White "Hossa"]
[Black "Nothing"]
[Result "1-0"]
[WhiteElo "2440"]
[BlackElo "2065"]
[PlyCount "55"]
[EventDate "1999.??.??"]

1. d4 Nf6 2. c4 e6 3. Nc3 Bb4 4. Bg5 h6 5. Bh4 b6 6. a3 Bxc3+ 7. bxc3 d6 8. Nf3
Nbd7 9. Nd2 Bb7 10. Qc2 g5 11. Bg3 Nh5 12. Rd1 f5 13. f3 Nxg3 14. hxg3 Qf6 15.
e4 O-O-O 16. Qa4 Kb8 17. Qb5 g4 18. Bd3 gxf3 19. gxf3 Rhg8 20. Rh3 e5 21. exf5
exd4 22. Ne4 Bxe4 23. Bxe4 Nc5 24. cxd4 Nxe4 25. fxe4 Rde8 26. Rh4 Rxg3 27.
Qxe8+ Kb7 28. Rh5 {Nothing resigns} 1-0

[Event "ICS Rated blitz match"]
[Site "204.178.125.65"]
[Date "1999.07.30"]
[Round "?"]
[White "Hossa"]
[Black "KONSAYDER"]
[Result "1-0"]
[WhiteElo "2458"]
[BlackElo "2353"]
[PlyCount "99"]
[EventDate "1999.??.??"]

1. d4 d6 2. e4 g6 3. f3 Bg7 4. Be3 Nd7 5. Bb5 c6 6. Bf1 Qb6 7. b3 c5 8. Ne2
cxd4 9. Nxd4 Qc7 10. c3 Ngf6 11. Be2 O-O 12. Nb5 Qb8 13. O-O a6 14. N5a3 b5 15.
Nc2 Bb7 16. a4 bxa4 17. Rxa4 Nc5 18. Ra3 Nfd7 19. Qd2 Rc8 20. Bh6 Bh8 21. Ne3
Bc6 22. b4 Na4 23. Qa2 Ndb6 24. Bd1 Bb5 25. Bxa4 Nxa4 26. c4 Be8 27. Rxa4 Bxa4
28. Qxa4 Bd4 29. Qb3 Qa7 30. Nd2 a5 31. b5 a4 32. Qa3 Bc5 33. Qd3 a3 34. Kh1
Bd4 35. Nd5 Re8 36. Nb4 Bb2 37. Nb3 a2 38. Na6 Rac8 39. Qc2 a1=Q 40. Nxa1 Bf6
41. Nb3 e6 42. Nb4 Qa3 43. Nc6 Rxc6 44. bxc6 Rc8 45. Nd2 Qc5 46. Qa4 Qxc6 47.
Qxc6 Rxc6 48. Rb1 Bc3 49. Rb8+ Rc8 50. Rxc8# {KONSAYDER checkmated} 1-0

[Event "ICS rated blitz match"]
[Site "204.178.125.65"]
[Date "1999.07.30"]
[Round "?"]
[White "libertad"]
[Black "Hossa"]
[Result "1-0"]
[WhiteElo "2403"]
[BlackElo "2469"]
[PlyCount "109"]
[EventDate "1999.??.??"]

1. d4 d6 2. e4 Nf6 3. Nc3 c6 4. f4 Qa5 5. Bd3 e5 6. dxe5 dxe5 7. f5 Bc5 8. Bd2
Bxg1 9. Rxg1 Qb6 10. Rf1 Qxb2 11. Rb1 Qa3 12. Rb3 Qc5 13. g4 O-O 14. g5 Nfd7
15. f6 g6 16. Na4 Qd6 17. Bb4 c5 18. Ba3 Qd4 19. Nc3 Qe3+ 20. Qe2 Qxg5 21. Nd5
Nc6 22. Qf2 Nd4 23. Rb1 b6 24. c3 Ne6 25. Be2 Qh6 26. Ne7+ Kh8 27. Rd1 Rd8 28.
Nc6 Re8 29. Ne7 Nb8 30. Bc1 g5 31. Nf5 Qg6 32. Nd6 Rf8 33. h4 Nc6 34. hxg5 Nxg5
35. Qh4 Ne6 36. Kf2 Nf4 37. Bxf4 exf4 38. Rg1 Be6 39. Rxg6 fxg6 40. Rh1 Bg8 41.
f7 Rxf7 42. Nxf7+ Kg7 43. Ng5 h5 44. Rd1 Bxa2 45. Rd7+ Kg8 46. Bxh5 Ne5 47.
Bxg6 Nxd7 48. Qh7+ Kf8 49. Qxd7 b5 50. Nh7+ Kg8 51. Nf6+ Kf8 52. Nd5 Bxd5 53.
exd5 Kg8 54. Qf7+ Kh8 55. Qh7# {Hossa checkmated} 1-0

[Event "ICS rated blitz match"]
[Site "204.178.125.65"]
[Date "1999.07.30"]
[Round "?"]
[White "libertad"]
[Black "Hossa"]
[Result "0-1"]
[WhiteElo "2415"]
[BlackElo "2450"]
[PlyCount "37"]
[EventDate "1999.??.??"]

1. d4 d6 2. e4 Nf6 3. Nc3 c6 4. f4 Qa5 5. Bd3 e5 6. Nf3 exd4 7. Nxd4 Be7 8. O-O
Qb6 9. Be2 d5 10. exd5 Bc5 11. Be3 Qxb2 12. Qd3 Nxd5 13. Nxd5 cxd5 14. Rfb1 Qa3
15. Qxa3 Bxa3 16. Nb5 Kd8 17. Nxa3 Re8 18. Rb4 Rxe3 19. Kf2 {libertad resigns}
0-1

[Event "ICS rated blitz match"]
[Site "204.178.125.65"]
[Date "1999.07.30"]
[Round "?"]
[White "Hossa"]
[Black "DrHugoELO"]
[Result "1-0"]
[WhiteElo "2464"]
[BlackElo "2166"]
[PlyCount "41"]
[EventDate "1999.??.??"]

1. d4 c5 2. dxc5 Nf6 3. Nc3 e6 4. e4 Bxc5 5. e5 Ng8 6. Qg4 Kf8 7. Qc4 Qb6 8.
Be3 Bxe3 9. Qxc8+ Ke7 10. fxe3 Qxe3+ 11. Be2 Qb6 12. Nb5 Qc6 13. Nc7 Nh6 14.
Qxh8 Qxc7 15. Qxg7 Nf5 16. Qf6+ Ke8 17. Bh5 d5 18. Qxe6+ Ne7 19. Qxf7+ Kd7 20.
Qe8+ Ke6 21. Nf3 {DrHugoELO resigns} 1-0

[Event "ICS rated blitz match"]
[Site "204.178.125.65"]
[Date "1999.07.30"]
[Round "?"]
[White "DrHugoELO"]
[Black "Hossa"]
[Result "0-1"]
[WhiteElo "2161"]
[BlackElo "2469"]
[PlyCount "98"]
[EventDate "1999.??.??"]

1. d4 e6 2. Nc3 d5 3. e4 Bb4 4. Bd3 c5 5. a3 cxd4 6. axb4 dxc3 7. Qg4 Nf6 8.
Qe2 dxe4 9. Bxe4 Qd4 10. Nf3 cxb2 11. Bxb2 Qxb2 12. Rd1 Qxb4+ 13. Nd2 Nxe4 14.
Qxe4 Qxe4+ 15. Nxe4 O-O 16. Ke2 e5 17. Nd6 Nc6 18. Nxc8 Rfxc8 19. c3 Nd8 20.
Rd7 Rxc3 21. Rhd1 Rc2+ 22. Kf3 Rcc8 23. Re7 f5 24. Rdd7 Kf8 25. Rxg7 e4+ 26.
Kg3 Rc3+ 27. f3 f4+ 28. Kg4 h5+ 29. Kxh5 Rc5+ 30. Kh6 Rac8 31. fxe4 R8c6+ 32.
Rg6 Nf7+ 33. Rxf7+ Kxf7 34. Rxc6 Rxc6+ 35. Kg5 a5 36. Kxf4 a4 37. g4 a3 38. h4
a2 39. g5 a1=Q 40. h5 Qc1+ 41. Kf5 Rc5+ 42. e5 Rxe5+ 43. Kxe5 Qxg5+ 44. Kd6
Qxh5 45. Kc7 Ke7 46. Kxb7 Qb5+ 47. Kc7 Ke6 48. Kc8 Kd6 49. Kd8 49... Qb8# {
DrHugoELO checkmated} 0-1

[Event "ICS rated blitz match"]
[Site "204.178.125.65"]
[Date "1999.07.30"]
[Round "?"]
[White "Hossa"]
[Black "DrHugoELO"]
[Result "1-0"]
[WhiteElo "2474"]
[BlackElo "2156"]
[PlyCount "163"]
[EventDate "1999.??.??"]

1. d4 c5 2. dxc5 Nf6 3. Nc3 Na6 4. Bg5 Nxc5 5. Bxf6 gxf6 6. e4 d6 7. Qd5 Be6 8.
Bb5+ Bd7 9. Nge2 a6 10. Bxd7+ Qxd7 11. Qh5 Qe6 12. f3 Qe5 13. Qh3 h5 14. O-O-O
Bh6+ 15. Kb1 b5 16. Rd5 Qe6 17. Rxh5 Qxh3 18. gxh3 Kd7 19. Rd1 Ne6 20. Nd5 Rab8
21. Rg1 Ng5 22. Nd4 Bg7 23. Rxh8 Rxh8 24. f4 Ne6 25. Nb6+ Kc7 26. Nxe6+ fxe6
27. Rxg7 Kxb6 28. Rxe7 e5 29. Re6 Kc6 30. Rxf6 exf4 31. Rxf4 Rxh3 32. Rf2 Re3
33. Kc1 Rxe4 34. Kd2 Ra4 35. a3 Rh4 36. Ke3 a5 37. Rd2 Kc5 38. Re2 d5 39. Kf3
b4 40. Kg3 Rc4 41. axb4+ Rxb4 42. b3 a4 43. bxa4 Rxa4 44. h4 Ra6 45. h5 Kc4 46.
Kf4 Ra1 47. h6 Rh1 48. Kg5 Rg1+ 49. Kf6 Rh1 50. Kg7 Rg1+ 51. Kf7 Rf1+ 52. Kg7
Rg1+ 53. Kf8 Rf1+ 54. Ke8 Rh1 55. Re6 d4 56. Rc6+ Kd5 57. Kd7 Rh3 58. Rd6+ Kc4
59. Ra6 Rh1 60. Rc6+ Kb4 61. Kd8 Rh3 62. Ke7 Rh1 63. Kf7 Rf1+ 64. Kg7 Rg1+ 65.
Rg6 Ra1 66. h7 Ra7+ 67. Kh6 Ra1 68. h8=Q Rh1+ 69. Kg7 Rxh8 70. Kxh8 Kc3 71. Rg4
Kc4 72. Rg3 Kd5 73. c3 Ke4 74. Rg4+ Kd3 75. cxd4 Kc4 76. Kg8 Kd5 77. Kf7 Kd6
78. Rg5 Kc6 79. Ke7 Kb6 80. Kd7 Ka6 81. Kc7 Ka7 82. Ra5# {DrHugoELO checkmated}
1-0

[Event "ICS rated blitz match"]
[Site "204.178.125.65"]
[Date "1999.07.30"]
[Round "?"]
[White "DrHugoELO"]
[Black "Hossa"]
[Result "0-1"]
[WhiteElo "2152"]
[BlackElo "2478"]
[PlyCount "70"]
[EventDate "1999.??.??"]

1. d4 e6 2. h4 d5 3. Nc3 Bb4 4. Bg5 Ne7 5. e4 dxe4 6. f3 f6 7. Bd2 Qxd4 8. Nxe4
Qxb2 9. Bc4 Bxd2+ 10. Nxd2 Nf5 11. Rb1 Qe5+ 12. Ne2 Ne3 13. Qc1 Nxg2+ 14. Kf2
Nf4 15. Re1 Nxe2 16. Rxe2 Qh2+ 17. Ke3 Qxh4 18. Qg1 O-O 19. Rg2 Qh6+ 20. f4 Rd8
21. Nf3 Nc6 22. Rg4 Ne5 23. Nxe5 fxe5 24. Kf3 Qf6 25. Re1 h5 26. Rxe5 hxg4+ 27.
Qxg4 Rd6 28. f5 Qxe5 29. fxe6 Bxe6 30. Bxe6+ Rxe6 31. Qxe6+ Qxe6 32. c4 Rf8+
33. Kg3 Qg6+ 34. Kh4 Kf7 35. Kh3 35... Rh8# {DrHugoELO checkmated} 0-1

[Event "ICS rated blitz match"]
[Site "204.178.125.65"]
[Date "1999.07.30"]
[Round "?"]
[White "Hossa"]
[Black "DrHugoELO"]
[Result "1-0"]
[WhiteElo "2482"]
[BlackElo "2148"]
[PlyCount "69"]
[EventDate "1999.??.??"]

1. d4 Nf6 2. c4 c5 3. d5 b5 4. cxb5 a6 5. f3 g6 6. e4 d6 7. Nc3 Bg7 8. Bg5 Nbd7
9. bxa6 Bxa6 10. Bxa6 Rxa6 11. Nge2 Qb6 12. Qd2 O-O 13. O-O Rb8 14. b3 Qb4 15.
Bh6 Bxh6 16. Qxh6 c4 17. bxc4 Qxc4 18. Rab1 Rab6 19. Rxb6 Rxb6 20. Rc1 Qc5+ 21.
Kf1 Rb8 22. a4 Ne5 23. Nb5 Qb4 24. Ra1 Rc8 25. Kg1 Rc2 26. Nbd4 Qc5 27. Kh1 Nd3
28. Rb1 Rb2 29. Rxb2 Nxb2 30. Nc6 Nxd5 31. exd5 f5 32. Nxe7+ Kf7 33. Qxh7+ Kf6
34. f4 Qc2 35. Ng8# {DrHugoELO checkmated} 1-0